Statistics for Harry Potter trivia

Click here to take the quiz!

General Stats

  • This quiz has been taken 355 times
    (337 since last reset)
  • The average score is 20 of 22

Answer Stats

HintAnswer% Correct
What house is Luna Lovegood in?Ravenclaw
99%
How many parts of his soul did Voldemort hide?Seven
99%
What animal does Professer Remus Lupin turn into?Werewolf
99%
How many siblings does Ron Weasly have?Six
98%
What is Umbridge's first name?Dolores
97%
What is the name of Harry's cousin?Dudley Dursley
96%
What is the name of Harry's owl?Hedwig
96%
Who is the 'Half-blood Prince'?Severus Snape
96%
What is the name of Harry's godfather who is killed in the Order of the Phoenix?Sirius Black
95%
Which character lost their ear in the deathly hallows?George Weasley
94%
Who did Hermione Granger dance with at the Yule ball?Viktor Krum
94%
What is the name of the first book?Philosopher's stone
92%
Who is the mischievous ghost roaming hogwarts?Peeves
91%
What subject does Professer Flitwick teach?Charms
90%
In what book does Harry meet Voldemort in his full form for the first time?Goblet of fire
90%
Who is Defence of the Dark Arts teacher in 2nd year?Professor Lockhart
89%
Who is the ghost of Slytherin house?Bloody Baron
84%
Who is head of Hufflepuff house?Professor Sprout
82%
Which species of dragon does Harry fight in the goblet of fire?Hungarian Horntail
79%
Who is gamekeeper at Hogwarts?Rubeus Hagrid
77%
Which team plays Ireland at the Quidditch World Cup?Bulgaria
76%
What is the name of the stone in the Deathly Hallows which brings ghosts to you?Resurrection stone
76%

Score Distribution

Percentile by Number Answered

Percent of People with Each Score

Your Score History

You have not taken this quiz since the last reset